| 000 | 00527nam a22001577a 4500 | ||
|---|---|---|---|
| 003 | macl | ||
| 005 | 20210917160933.0 | ||
| 008 | 210917b |||||||| |||| 00| 0 eng d | ||
| 040 | _cmacl | ||
| 082 | _a891.433/NAG/S | ||
| 100 |
_aनागर,शान्तिलाल _981075 |
||
| 245 | _aभारतीय अतीत की गौरव गाथाऍं | ||
| 260 |
_aदिल्ली _bग्लोबल हारमनी पब्लिशर्स _c2015 |
||
| 650 | _aकथा | ||
| 942 |
_2ddc _cHIN |
||
| 999 |
_c64313 _d64313 |
||